Culture générale – Thème Sciences - Statistiques

Statistiques générales
  • Ce quiz a été pris 152 fois
  • Le résultat moyen est 7 sur 20
Statistiques - réponses
Questions Réponses % Correct
L'atome de chlore possède 17 protons et 18 neutrons. Combien possède-t-il d'électrons ? 17
93%
Comment appelle-t-on le changement passant de l'état gazeux à liquide ? Liquéfaction
82%
Combien d'électrons de valence possède cet atome ? 7
68%
Comment appelle-t-on les angles mesurant entre 90° et 180° exclus ? Obtus
53%
Comment appelle-t-on une figure à sept côtés ? Heptagone
47%
Maths : a² - b² sous la forme factorisée donne ... (a - b)(a + b)
42%
Un animal qui se reproduit sans pondre d'œuf est appelé ... Vivipare
35%
Quel est l'opposé du sixième nombre premier ? -13
30%
Vecteurs : Quelle relation dit que pour 3 points A, B, C ; vec.AB + vec.BC = vec.AC Relation de Chasles
30%
Maths : (a - b)² sous la forme développée donne ... a² - 2ab + b²
27%
Comment appelle-t-on la représentation ordonnée de l'ensemble des chromosomes ? Caryotype
26%
Quel mot clé permet de créer une fonction en Python ? Def
25%
Quel protocole permet de sécuriser la transmission des données sur Internet ? HTTPS
24%
Quel est le plus gros poisson du monde ? Requin Baleine
24%
À quel ensemble de nombres (le + petit) appartient le réel 1/3 Q
22%
Quel langage est principalement utilisé pour créer des pages web interactives ? JavaScript
14%
Quel physicien a formulé la loi d'inertie ? Isaac Newton
12%
En quelle année Mendeleïev a réalisé le tableau périodique des éléments ? 1869
10%
À partir du symbole "Hs", dire de quel atome il s'agit. Hassium
7%
Quel phénomène limite la propagation instantanée d'un signal électrique ? Induction
0%
Aucun quiz correspondant
Distribution des résultats
% des personnes avec chaque résultat
Percentile par nombre de réponses
Votre historique - résultats
Vous n’avez pas pris ce quiz